<?xml version="1.0" encoding="UTF-8"?>
<record
    xmlns:xsi="http://www.w3.org/2001/XMLSchema-instance"
    xsi:schemaLocation="http://www.loc.gov/MARC21/slim http://www.loc.gov/standards/marcxml/schema/MARC21slim.xsd"
    xmlns="http://www.loc.gov/MARC21/slim">

  <leader>00709nam a22002297a 4500</leader>
  <controlfield tag="003">UA-OsUOA</controlfield>
  <controlfield tag="001"> 78923 </controlfield>
  <controlfield tag="007">ta</controlfield>
  <controlfield tag="008">20111024b un ||||| |||| 00| 0 ukr d</controlfield>
  <datafield tag="090" ind1=" " ind2=" ">
    <subfield code="a">226</subfield>
    <subfield code="b">&#x41F;27</subfield>
  </datafield>
  <datafield tag="942" ind1=" " ind2=" ">
    <subfield code="c">BK</subfield>
  </datafield>
  <datafield tag="040" ind1=" " ind2=" ">
    <subfield code="a">UA-OsUOA</subfield>
    <subfield code="b">ukr</subfield>
    <subfield code="c">UA-OsUOA</subfield>
    <subfield code="d">UA-OsUOA</subfield>
  </datafield>
  <datafield tag="245" ind1=" " ind2=" ">
    <subfield code="a">&#x41F;&#x435;&#x440;&#x435;&#x441;&#x43E;&#x43F;&#x43D;&#x438;&#x446;&#x44C;&#x43A;&#x435; &#x404;&#x432;&#x430;&#x43D;&#x433;&#x435;&#x43B;&#x456;&#x454; 1556 - 1561</subfield>
    <subfield code="b">&#x414;&#x43E;&#x441;&#x43B;&#x456;&#x434;&#x436;&#x435;&#x43D;&#x43D;&#x44F;. &#x422;&#x440;&#x430;&#x43D;&#x441;&#x43B;&#x456;&#x442;&#x435;&#x440;&#x43E;&#x432;&#x430;&#x43D;&#x438;&#x439; &#x442;&#x435;&#x43A;&#x441;&#x442;. &#x421;&#x43B;&#x43E;&#x432;&#x43E;&#x43F;&#x43E;&#x43A;&#x430;&#x436;&#x447;&#x438;&#x43A;.</subfield>
    <subfield code="c">&#x433;&#x43E;&#x43B;. &#x440;&#x435;&#x434;. &#x41E;. &#x421;. &#x41E;&#x43D;&#x438;&#x449;&#x435;&#x43D;&#x43A;&#x43E;</subfield>
  </datafield>
  <datafield tag="300" ind1=" " ind2=" ">
    <subfield code="a">700 &#x441;.</subfield>
  </datafield>
  <datafield tag="955" ind1=" " ind2=" ">
    <subfield code="a">1</subfield>
  </datafield>
  <datafield tag="041" ind1=" " ind2=" ">
    <subfield code="a">ukr</subfield>
  </datafield>
  <datafield tag="080" ind1=" " ind2=" ">
    <subfield code="a">226</subfield>
  </datafield>
  <datafield tag="020" ind1=" " ind2=" ">
    <subfield code="a">966-02-2138-&#x425;</subfield>
  </datafield>
  <datafield tag="260" ind1=" " ind2=" ">
    <subfield code="a">&#x41A;.</subfield>
    <subfield code="b">&#x41D;&#x411;&#x423;&#x412;</subfield>
    <subfield code="c">2001</subfield>
  </datafield>
  <datafield tag="650" ind1=" " ind2="7">
    <subfield code="a">22 &#x411;&#x456;&#x431;&#x43B;&#x456;&#x44F;. &#x421;&#x432;&#x44F;&#x442;&#x435; &#x43F;&#x438;&#x441;&#x430;&#x43D;&#x43D;&#x44F;</subfield>
    <subfield code="2">UDC</subfield>
  </datafield>
  <datafield tag="999" ind1=" " ind2=" ">
    <subfield code="c">365241</subfield>
    <subfield code="d">365241</subfield>
  </datafield>
  <datafield tag="952" ind1=" " ind2=" ">
    <subfield code="0">0</subfield>
    <subfield code="1">0</subfield>
    <subfield code="2">udc</subfield>
    <subfield code="4">0</subfield>
    <subfield code="7">0</subfield>
    <subfield code="8">C_VASYLYSHYN</subfield>
    <subfield code="a">101</subfield>
    <subfield code="b">101</subfield>
    <subfield code="d">2011-10-24</subfield>
    <subfield code="e">125/2011</subfield>
    <subfield code="g">45.00</subfield>
    <subfield code="i">134898</subfield>
    <subfield code="l">0</subfield>
    <subfield code="o">226 &#x41F;27</subfield>
    <subfield code="p">134898</subfield>
    <subfield code="r">2022-02-06 00:00:00</subfield>
    <subfield code="w">2011-10-24</subfield>
    <subfield code="y">BK</subfield>
  </datafield>
  <datafield tag="952" ind1=" " ind2=" ">
    <subfield code="0">0</subfield>
    <subfield code="1">0</subfield>
    <subfield code="2">udc</subfield>
    <subfield code="4">0</subfield>
    <subfield code="7">0</subfield>
    <subfield code="a">102</subfield>
    <subfield code="b">102</subfield>
    <subfield code="d">2014-06-24</subfield>
    <subfield code="e">24/2014</subfield>
    <subfield code="g">142.00</subfield>
    <subfield code="i">145872</subfield>
    <subfield code="l">0</subfield>
    <subfield code="o">226 &#x41F;27</subfield>
    <subfield code="p">145872</subfield>
    <subfield code="r">2021-09-29 00:00:00</subfield>
    <subfield code="w">2011-10-24</subfield>
    <subfield code="y">BK</subfield>
  </datafield>
</record>
